[Event "Dos Hermanas Internet qual-D 10th"]
[Site "ICC INT"]
[Date "2009.03.14"]
[Round "4"]
[White "Matthiesen, Martin"]
[Black "Ventura, Christopher A"]
[Result "1/2-1/2"]
[WhiteElo "2291"]
[BlackElo "1860"]
[PlyCount "128"]
[EventDate "2009.03.14"]
[EventType "swiss (blitz)"]
[EventRounds "12"]
[EventCountry "ESP"]
[SourceTitle "EXT 2010"]
[Source "ChessBase"]
[SourceDate "2010.11.25"]
[SourceVersion "1"]
[SourceVersionDate "2010.11.25"]
[SourceQuality "1"]

1. d4 Nf6 2. c4 g6 3. Nc3 d5 4. e3 Bg7 5. Nf3 0-0 6. b4 c6 7. Rb1 a6 8. Bd3 Be6 9. c5 Qc7 10. 0-0 Nbd7 11. a4 Bg4 12. Be2 e5 13. b5 axb5 14. axb5 Ne4 15. Bb2 Nxc3 16. Bxc3 Ra2 17. b6 Qd8 18. Rb2 Qa8 19. Nxe5 Bxe2 20. Qxe2 Rxb2 21. Qxb2 Bxe5 22. dxe5 Nxc5 23. Ra1 Qd8 24. Bb4 Nd3 25. Qc3 Nxb4 26. Qxb4 Qg5 27. Qf4 Qe7 28. Ra7 Re8 29. h3 h5 30. Qf6 Qd7 31. Qd6 Re7 32. Qb8+ Kg7 33. g3 g5 34. Kg2 Kh7 35. Qd6 Kg7 36. Qf6+ Kh7 37. Ra8 Re8 38. Rxe8 Qxe8 39. Qxg5 Qg8 40. Qxh5+ Kg7 41. Qg5+ Kf8 42. Qxg8+ Kxg8 43. Kf3 Kg7 44. Kf4 Kg6 45. g4 Kg7 46. h4 Kg6 47. h5+ Kg7 48. Kf5 Kf8 49. g5 Kg8 50. h6 Kh7 51. e6 fxe6+ 52. Kxe6 Kg6 53. Ke7 Kxg5 54. h7 Kg4 55. h8Q Kf3 56. Qd4 Ke2 57. Qc5 Kf3 58. Qxc6 Kxf2 59. Qxb7 d4 60. Qd5 d3 61. Qd4 Kf3 62. Qxd3 Kf2 63. b7 Kf3 64. b8Q Kg2 1/2-1/2

[Event "Dos Hermanas Internet qual-D 10th"]
[Site "ICC INT"]
[Date "2009.03.14"]
[Round "2"]
[White "Pires, Marcos Vinicius Tor"]
[Black "Ventura, Christopher A"]
[Result "0-1"]
[WhiteElo "2095"]
[BlackElo "1860"]
[PlyCount "58"]
[EventDate "2009.03.14"]
[EventType "swiss (blitz)"]
[EventRounds "12"]
[EventCountry "ESP"]
[SourceTitle "EXT 2010"]
[Source "ChessBase"]
[SourceDate "2010.11.25"]
[SourceVersion "1"]
[SourceVersionDate "2010.11.25"]
[SourceQuality "1"]

1. e4 c5 2. c3 Nf6 3. e5 Nd5 4. d4 cxd4 5. Nf3 Nc6 6. cxd4 d6 7. Bc4 Nb6 8. Bb5 dxe5 9. Nxe5 Bd7 10. Nxd7 Qxd7 11. 0-0 g6 12. Nc3 Rd8 13. d5 Nxd5 14. Bxc6 Qxc6 15. Qd4 Nf6 16. Qh4 Bg7 17. Bh6 0-0 18. Bxg7 Kxg7 19. Rfe1 e6 20. Rac1 Qb6 21. b3 Rd4 22. Qg5 Rfd8 23. Re3 Qb4 24. Rf3 Ne4 25. Qe5+ f6 26. Qc7+ R8d7 27. Qf4 Rd1+ 28. Rxd1 Rxd1+ 29. Nxd1 Qe1# 0-1